000 00518nam a2200169Ia 4500
008 090711s9999 xx 000 0 und d
082 _b291
100 _aघारे दीपक
245 _aघाशीराम एक वादळ
260 _bग्रंथाली
_c1996
300 _a151
600 _aघारे दीपक
630 _aघाशीराम एक वादळ
700 _aघारे दीपक
730 _aघाशीराम एक वादळ
942 _cBOOK
999 _c335220
_d335220